[Event "Riga Tech op-A"]
[Site "Riga"]
[Date "2023.08.10"]
[Round "6"]
[White "Willow, Jonah B"]
[Black "Bucinskas, Valdas"]
[Result "1-0"]
[WhiteElo "2414"]
[BlackElo "2270"]
[PlyCount "49"]
[EventDate "2023.08.07"]
[EventType "swiss"]
[EventRounds "9"]
[EventCountry "LAT"]
[SourceTitle "CBM 215 Extra"]
[Source "ChessBase"]
[SourceDate "2023.09.30"]
[SourceVersion "1"]
[SourceVersionDate "2023.09.30"]
[SourceQuality "1"]

1. e4 c5 2. Nf3 e6 3. d4 cxd4 4. Nxd4 a6 5. a3 Nf6 6. Nc3 Qc7 7. f4 d6 8. Bd3 Be7 9. g4 Nc6 10. Nxc6 bxc6 11. g5 Nd7 12. Qe2 Nc5 13. h4 a5 14. h5 Nxd3+ 15. Qxd3 Ba6 16. Qd4 Rg8 17. Be3 Rb8 18. 0-0-0 c5 19. Qa4+ Kd8 20. f5 Kc8 21. g6 hxg6 22. hxg6 fxg6 23. fxe6 Bf6 24. e7 Qxe7 25. Qc6+ 1-0

[Event "LTU-chT"]
[Site "Lithuania"]
[Date "2018.04.15"]
[Round "7.1"]
[White "Bucinskas, Valdas"]
[Black "Laurusas, Tomas"]
[Result "0-1"]
[WhiteElo "2328"]
[BlackElo "2423"]
[PlyCount "56"]
[EventDate "2018.01.27"]
[EventType "team-swiss"]
[EventRounds "7"]
[EventCountry "LTU"]
[SourceTitle "EXT 2019"]
[Source "ChessBase"]
[SourceDate "2018.10.10"]
[SourceVersion "1"]
[SourceVersionDate "2018.10.10"]
[SourceQuality "1"]
[WhiteTeam "Vilnius Chess United"]
[BlackTeam "Vilnius MRU"]
[WhiteTeamCountry "LTU"]
[BlackTeamCountry "LTU"]

1. e4 c5 2. Nf3 e6 3. d4 cxd4 4. Nxd4 a6 5. c4 Nf6 6. Nc3 Qc7 7. a3 b6 8. Be3 Bb7 9. f3 Be7 10. Rc1 0-0 11. Be2 d6 12. 0-0 Nbd7 13. Qd2 Rac8 14. Rfd1 Qb8 15. b4 Rfe8 16. Nb3 Bd8 17. h3 Bc7 18. Bf1 Nh5 19. g4 Nhf6 20. Bg2 Ne5 21. Qd4 Rcd8 22. f4 Ng6 23. Qd3 d5 24. e5 Nh4 25. Bf1 Bxe5 26. fxe5 Qxe5 27. Bd4 Qf4 28. Bxb6 dxc4 0-1

[Event "LTU-chT"]
[Site "Lithuania"]
[Date "2017.02.18"]
[Round "3.4"]
[White "Bucinskas, Valdas"]
[Black "Ruksenas, Romas"]
[Result "1-0"]
[WhiteElo "2348"]
[BlackElo "1924"]
[PlyCount "63"]
[EventDate "2017.01.28"]
[EventType "team-swiss"]
[EventRounds "7"]
[EventCountry "LTU"]
[SourceTitle "CBM 176 Extra"]
[Source "ChessBase"]
[SourceDate "2017.03.02"]
[SourceVersion "1"]
[SourceVersionDate "2017.03.02"]
[SourceQuality "1"]
[WhiteTeam "Vilnius Chess United"]
[BlackTeam "Vilnius Pasaku"]
[WhiteTeamCountry "LTU"]
[BlackTeamCountry "LTU"]

1. e4 c5 2. Nf3 a6 3. c4 e6 4. d4 cxd4 5. Nxd4 Qc7 6. Bd3 Nf6 7. 0-0 h5 8. h3 b6 9. Nc3 Bb7 10. Re1 Nc6 11. Nxc6 dxc6 12. e5 Nd7 13. f4 0-0-0 14. Qe2 Nc5 15. Bc2 a5 16. a3 Na6 17. Be3 Be7 18. Qf2 c5 19. Nb5 Qb8 20. f5 Bc6 21. fxe6 Bxb5 22. cxb5 Nc7 23. exf7 Nxb5 24. b4 Qxe5 25. Bf5+ Kb7 26. Bg5 Qxa1 27. Rxa1 Bxg5 28. bxc5 Bf6 29. Qf3+ Kc7 30. cxb6+ Kxb6 31. Rb1 Rd4 32. Bd3 1-0

[Event "LTU-chT"]
[Site "Lithuania"]
[Date "2016.04.03"]
[Round "7.1"]
[White "Bucinskas, Valdas"]
[Black "Malisauskas, Vidmantas"]
[Result "1-0"]
[WhiteElo "2343"]
[BlackElo "2431"]
[PlyCount "131"]
[EventDate "2016.01.23"]
[EventType "team-swiss"]
[EventRounds "7"]
[EventCountry "LTU"]
[SourceTitle "EXT 2017"]
[Source "ChessBase"]
[SourceDate "2016.10.25"]
[SourceVersion "1"]
[SourceVersionDate "2016.10.25"]
[SourceQuality "1"]
[WhiteTeam "Vilnius Chess United"]
[BlackTeam "Kaunas Ezerelio"]
[WhiteTeamCountry "LTU"]
[BlackTeamCountry "LTU"]

1. e4 c6 2. d4 d5 3. e5 Bf5 4. Nf3 e6 5. Be2 Nd7 6. 0-0 Bg6 7. Nbd2 Nh6 8. Nb3 Nf5 9. Bd2 f6 10. c4 fxe5 11. cxd5 exd5 12. Nxe5 Bd6 13. f4 0-0 14. g4 Nxd4 15. Nxd4 Nxe5 16. fxe5 Rxf1+ 17. Qxf1 Bxe5 18. Nf5 Qc7 19. Qf2 Bxf5 20. Qxf5 Re8 21. Bd3 g6 22. Qf2 Bxb2 23. Rb1 Qg7 24. Kh1 Bd4 25. Qg2 Bb6 26. Rf1 Rf8 27. Rxf8+ Kxf8 28. Qf1+ Ke8 29. Bg5 Qe5 30. h4 Bc7 31. Qf2 Bd8 32. Bh6 Qf6 33. Qxf6 Bxf6 34. h5 Kf7 35. Kg2 b5 36. Kf3 a5 37. Be3 a4 38. Bc5 gxh5 39. gxh5 h6 40. Kg4 Be7 41. Bg6+ Kf8 42. Be3 Bg5 43. Bc5+ Be7 44. Be3 Bg5 45. Bd4 b4 46. Kf5 b3 47. a3 Be7 48. Bb2 c5 49. Ke5 c4 50. Kxd5 c3 51. Bxc3 Bxa3 52. Kc4 Be7 53. Be4 Kf7 54. Bd5+ Kf8 55. Kb5 a3 56. Bxb3 Bg5 57. Bb4+ Be7 58. Bc3 Bg5 59. Kc6 Bc1 60. Kd7 Bb2 61. Bb4+ Kg7 62. Bd2 Be5 63. Ke8 Bb2 64. Be3 Be5 65. Bc5 Bb2 66. Bf8+ 1-0

[Event "LTU-chT"]
[Site "Lithuania"]
[Date "2014.03.16"]
[Round "7.3"]
[White "Bucinskas, Valdas"]
[Black "Germanavicius, Sarunas"]
[Result "1-0"]
[WhiteElo "2360"]
[BlackElo "2376"]
[PlyCount "59"]
[EventDate "2014.01.25"]
[EventType "team-swiss"]
[EventRounds "7"]
[EventCountry "LTU"]
[SourceTitle "EXT 2015"]
[Source "ChessBase"]
[SourceDate "2014.11.20"]
[SourceVersion "1"]
[SourceVersionDate "2014.11.20"]
[SourceQuality "1"]
[WhiteTeam "Vilnius SSM"]
[BlackTeam "Kaunas AG"]
[WhiteTeamCountry "LTU"]
[BlackTeamCountry "LTU"]

1. e4 c5 2. Nf3 d6 3. d4 cxd4 4. Nxd4 Nf6 5. Nc3 a6 6. f3 e5 7. Nb3 Be6 8. Be3 Nbd7 9. g4 b5 10. g5 b4 11. Ne2 Nh5 12. Ng3 Nxg3 13. hxg3 Be7 14. f4 g6 15. Qd2 a5 16. Qf2 a4 17. Nd2 Rc8 18. Bd3 Nc5 19. Bxc5 Rxc5 20. b3 Qc7 21. Nc4 d5 22. exd5 Bxd5 23. Rh2 0-0 24. Nxe5 Bxb3 25. Ng4 Bc4 26. Qd4 f6 27. gxf6 Bxf6 28. Nxf6+ Rxf6 29. Qxf6 Bxd3 30. cxd3 1-0

[Event "LTU-chT"]
[Site "Lithuania"]
[Date "2014.02.08"]
[Round "3.2"]
[White "Pakalniskis, Romas"]
[Black "Bucinskas, Valdas"]
[Result "0-1"]
[WhiteElo "1828"]
[BlackElo "2360"]
[PlyCount "74"]
[EventDate "2014.01.25"]
[EventType "team-swiss"]
[EventRounds "7"]
[EventCountry "LTU"]
[SourceTitle "CBM 158 Extra"]
[Source "ChessBase"]
[SourceDate "2014.02.28"]
[SourceVersion "1"]
[SourceVersionDate "2014.02.28"]
[SourceQuality "1"]
[WhiteTeam "Vilnius LASF"]
[BlackTeam "Vilnius SSM"]
[WhiteTeamCountry "LTU"]
[BlackTeamCountry "LTU"]

1. e4 c5 2. Nf3 e6 3. d4 cxd4 4. Nxd4 Nf6 5. Bd3 a6 6. 0-0 Qc7 7. Qe2 d6 8. Kh1 Nc6 9. Nxc6 bxc6 10. f4 d5 11. e5 Nd7 12. c3 a5 13. Be3 g6 14. Nd2 Nc5 15. Bxc5 Bxc5 16. Nf3 Qb6 17. h3 Ba6 18. Bxa6 Qxa6 19. Qd2 Rb8 20. Rae1 h6 21. Nh2 a4 22. g4 Qb5 23. Re2 h5 24. f5 hxg4 25. fxg6 fxg6 26. Qg5 Qxe2 27. Qxg6+ Kd7 28. Rf7+ Be7 29. Rxe7+ Kxe7 30. Qg7+ Kd8 31. Qxh8+ Kc7 32. Qg7+ Kb6 33. hxg4 Qxb2 34. g5 Qa1+ 35. Kg2 Qxa2+ 36. Kg3 Qc2 37. g6 a3 0-1

[Event "LTU-chT"]
[Site "Vilnius"]
[Date "2013.03.11"]
[Round "7.1"]
[White "Sakalauskas, Vaidas"]
[Black "Bucinskas, Valdas"]
[Result "1/2-1/2"]
[WhiteElo "2396"]
[BlackElo "2373"]
[PlyCount "25"]
[EventDate "2013.01.19"]
[EventType "team-swiss"]
[EventRounds "7"]
[EventCountry "LTU"]
[SourceTitle "EXT 2014"]
[Source "ChessBase"]
[SourceDate "2013.11.20"]
[SourceVersion "1"]
[SourceVersionDate "2013.11.20"]
[SourceQuality "1"]
[WhiteTeam "Vilnius MRU"]
[BlackTeam "Vilnius Chess United"]
[WhiteTeamCountry "LTU"]
[BlackTeamCountry "LTU"]

1. d4 d5 2. c4 dxc4 3. e4 e5 4. Nf3 exd4 5. Bxc4 Nc6 6. 0-0 Be6 7. Bb5 Bc5 8. b4 Bb6 9. Bb2 Nf6 10. e5 Nd5 11. Nxd4 Ndxb4 12. a3 a6 13. axb4 1/2-1/2

[Event "LTU-chT"]
[Site "Vilnius"]
[Date "2013.02.09"]
[Round "4.2"]
[White "Bucinskas, Valdas"]
[Black "Kveinys, Aloyzas"]
[Result "0-1"]
[WhiteElo "2373"]
[BlackElo "2527"]
[PlyCount "86"]
[EventDate "2013.01.19"]
[EventType "team-swiss"]
[EventRounds "7"]
[EventCountry "LTU"]
[SourceTitle "CBM 152 Extra"]
[Source "ChessBase"]
[SourceDate "2013.02.25"]
[SourceVersion "1"]
[SourceVersionDate "2013.02.25"]
[SourceQuality "1"]
[WhiteTeam "Vilnius Chess United"]
[BlackTeam "Panevezys Babilonas"]
[WhiteTeamCountry "LTU"]
[BlackTeamCountry "LTU"]

1. e4 c5 2. Nf3 e6 3. d4 cxd4 4. Nxd4 a6 5. Nc3 Qc7 6. g3 d6 7. Bg2 Bd7 8. 0-0 Nc6 9. Nb3 Rb8 10. a4 b5 11. axb5 axb5 12. Re1 Be7 13. f4 b4 14. Ne2 Nf6 15. Ned4 0-0 16. Be3 Rfc8 17. Rc1 Bf8 18. Kh1 Be8 19. Qd3 Nxd4 20. Bxd4 e5 21. Bg1 Bc6 22. Nd2 Qb7 23. c4 bxc3 24. bxc3 Re8 25. fxe5 dxe5 26. Qe3 Nd7 27. Rb1 Qc7 28. Qa7 Qxa7 29. Bxa7 Ra8 30. Be3 Bc5 31. Bxc5 Nxc5 32. Nc4 f6 33. Nb6 Ra2 34. Nd5 Kf7 35. Rb6 Bxd5 36. exd5 e4 37. Bh3 Re5 38. Be6+ Kg6 39. Re3 Nxe6 40. Rxe6 Rxe6 41. dxe6 Kf5 42. e7 Ra8 43. Re1 Re8 0-1

[Event "LTU-chT"]
[Site "Vilnius"]
[Date "2013.01.19"]
[Round "2.1"]
[White "Sulskis, Sarunas"]
[Black "Bucinskas, Valdas"]
[Result "1-0"]
[WhiteElo "2550"]
[BlackElo "2373"]
[PlyCount "65"]
[EventDate "2013.01.19"]
[EventType "team-swiss"]
[EventRounds "7"]
[EventCountry "LTU"]
[SourceTitle "CBM 152 Extra"]
[Source "ChessBase"]
[SourceDate "2013.02.25"]
[SourceVersion "1"]
[SourceVersionDate "2013.02.25"]
[SourceQuality "1"]
[WhiteTeam "Kaunas Margiris"]
[BlackTeam "Vilnius Chess United"]
[WhiteTeamCountry "LTU"]
[BlackTeamCountry "LTU"]

1. c4 c5 2. Nf3 Nf6 3. Nc3 d5 4. cxd5 Nxd5 5. e4 Nxc3 6. bxc3 g6 7. Qa4+ Nd7 8. e5 e6 9. h4 Qc7 10. Rb1 h6 11. d4 Be7 12. Bd3 Kf8 13. 0-0 cxd4 14. cxd4 Nb6 15. Qa5 Nd5 16. Qxc7 Nxc7 17. Be4 Nd5 18. Bd2 Kg7 19. Bxd5 exd5 20. Bb4 Bd8 21. Bd6 b6 22. Rfe1 Be6 23. Rbc1 g5 24. g3 Kg6 25. Rc3 Kh5 26. Kg2 g4 27. Ng1 Bf5 28. Rc6 Bd3 29. e6 fxe6 30. Rxe6 Bb5 31. Ne2 Bxe2 32. Rxe2 Bf6 33. Be5 1-0

[Event "LTU-chT"]
[Site "Lithuania"]
[Date "2012.02.12"]
[Round "5"]
[White "Narmontas, Matas"]
[Black "Bucinskas, Valdas"]
[Result "1-0"]
[WhiteElo "2398"]
[BlackElo "2361"]
[PlyCount "77"]
[EventDate "2012.01.21"]
[EventType "team-swiss"]
[EventRounds "7"]
[EventCountry "LTU"]
[SourceTitle "CBM 146 Extra"]
[Source "ChessBase"]
[SourceDate "2012.02.29"]
[SourceVersion "1"]
[SourceVersionDate "2012.02.29"]
[SourceQuality "1"]
[WhiteTeam "Plunge Bokstas"]
[BlackTeam "Vilnius"]
[WhiteTeamCountry "LTU"]
[BlackTeamCountry "LTU"]

1. e4 e5 2. Nf3 Nf6 3. Nxe5 d6 4. Nf3 Nxe4 5. Nc3 Nxc3 6. dxc3 Be7 7. Bd3 Nc6 8. Bf4 Be6 9. Qe2 a6 10. 0-0-0 Qd7 11. Rhe1 0-0 12. Qe4 g6 13. Bh6 Rfe8 14. Qf4 d5 15. Bg5 f6 16. Bh6 Qd6 17. Qh4 Ne5 18. Bf4 Nxf3 19. gxf3 Qd7 20. Qg3 Bc5 21. Bxc7 Bxf2 22. Qxf2 Qxc7 23. Qd4 Kg7 24. h4 Rac8 25. h5 Qc5 26. Qh4 g5 27. h6+ Kh8 28. Qh5 Qc7 29. Kb1 Rcd8 30. f4 Bf7 31. Rxe8+ Rxe8 32. Qg4 Be6 33. Re1 Qd7 34. Qg1 Rg8 35. Qb6 gxf4 36. b3 Re8 37. Bf5 Qc6 38. Qxc6 bxc6 39. Rxe6 1-0

[Event "LTU-chT"]
[Site "Lithuania"]
[Date "2012.01.21"]
[Round "1"]
[White "Bucinskas, Valdas"]
[Black "Grybas, Gintaras"]
[Result "1-0"]
[WhiteElo "2361"]
[BlackElo "2060"]
[PlyCount "91"]
[EventDate "2012.01.21"]
[EventType "team-swiss"]
[EventRounds "7"]
[EventCountry "LTU"]
[SourceTitle "CBM 146 Extra"]
[Source "ChessBase"]
[SourceDate "2012.02.29"]
[SourceVersion "1"]
[SourceVersionDate "2012.02.29"]
[SourceQuality "1"]
[WhiteTeam "Vilnius"]
[BlackTeam "LASF"]
[WhiteTeamCountry "LTU"]
[BlackTeamCountry "LTU"]

1. e4 c6 2. d4 d5 3. Nc3 dxe4 4. Nxe4 Bf5 5. Ng3 Bg6 6. h4 h6 7. Nf3 Nd7 8. h5 Bh7 9. Bd3 Bxd3 10. Qxd3 e6 11. Bf4 Ngf6 12. 0-0-0 Be7 13. c4 0-0 14. Kb1 b5 15. cxb5 cxb5 16. Qxb5 Nd5 17. Bd2 Rb8 18. Qa5 Qxa5 19. Bxa5 Rb5 20. Bd2 Rfb8 21. b3 a5 22. Kc2 N7f6 23. Ne5 Bd6 24. f3 Nb4+ 25. Bxb4 axb4 26. Rhe1 Bxe5 27. dxe5 Nd5 28. Rd4 Ra8 29. Kb2 Rba5 30. Ra1 Ne3 31. Rxb4 Nxg2 32. Re4 Rd8 33. a4 Rd3 34. b4 Rad5 35. a5 Ne3 36. Nf1 Nd1+ 37. Rxd1 Rxd1 38. Ne3 R1d2+ 39. Kc3 Rd8 40. b5 Ra2 41. Nc4 Rc8 42. Kb4 Ra1 43. a6 Rb1+ 44. Ka5 Rb8 45. b6 Ra8 46. a7 1-0

[Event "EU-Cup 27th"]
[Site "Rogaska Slatina"]
[Date "2011.09.25"]
[Round "1"]
[White "Huzman, Alexander"]
[Black "Bucinskas, Valdas"]
[Result "1-0"]
[WhiteElo "2607"]
[BlackElo "2376"]
[PlyCount "57"]
[EventDate "2011.09.25"]
[EventType "team-swiss"]
[EventRounds "7"]
[EventCountry "SLO"]
[SourceTitle "CBM 145"]
[Source "ChessBase"]
[SourceDate "2011.11.11"]
[SourceVersion "1"]
[SourceVersionDate "2011.11.11"]
[SourceQuality "1"]
[WhiteTeam "Beer Sheva"]
[BlackTeam "Vilnius"]
[WhiteTeamCountry "ISR"]
[BlackTeamCountry "LTU"]

1. d4 d5 2. c4 dxc4 3. e4 Nf6 4. e5 Nd5 5. Bxc4 Nb6 6. Bd3 Nc6 7. Ne2 Be6 8. Nbc3 f5 9. Nf4 Qd7 10. Nce2 Bd5 11. 0-0 e6 12. a3 0-0-0 13. b4 Kb8 14. Qc2 Rg8 15. b5 Ne7 16. a4 Re8 17. a5 Nbc8 18. Nc3 g5 19. Nfxd5 Nxd5 20. Nxd5 Qxd5 21. Bb2 Rd8 22. Rfc1 Qd7 23. Bc4 Rg6 24. d5 Bc5 25. Rd1 exd5 26. Rxd5 Qe7 27. Rxd8 Qxd8 28. Bf7 Rh6 29. Qxc5 1-0

[Event "LTU-chT 1011"]
[Site "Lithuania"]
[Date "2011.02.26"]
[Round "8"]
[White "Bucinskas, Valdas"]
[Black "Vasylius, Kestutis"]
[Result "1-0"]
[WhiteElo "2380"]
[BlackElo "2073"]
[PlyCount "89"]
[EventDate "2010.11.06"]
[EventType "team-tourn"]
[EventRounds "9"]
[EventCountry "LTU"]
[SourceTitle "EXT 2012"]
[Source "ChessBase"]
[SourceDate "2011.11.24"]
[SourceVersion "1"]
[SourceVersionDate "2011.11.24"]
[SourceQuality "1"]

1. e4 c5 2. Nf3 d6 3. d4 cxd4 4. Nxd4 Nf6 5. Nc3 a6 6. f3 Nc6 7. Be3 e5 8. Nb3 Be6 9. Qd2 d5 10. exd5 Nxd5 11. Nxd5 Qxd5 12. Qxd5 Bxd5 13. 0-0-0 Bxb3 14. axb3 Rd8 15. Bc4 Be7 16. Bb6 Rxd1+ 17. Rxd1 Bg5+ 18. Kb1 Bd8 19. Be3 Be7 20. c3 h5 21. b4 g5 22. b5 axb5 23. Bxb5 Rh6 24. Rd5 Re6 25. Bd3 Rh6 26. Kc2 Rd6 27. Rxd6 Bxd6 28. Bxg5 Ne7 29. Be4 b6 30. g4 hxg4 31. fxg4 Kd7 32. Be3 Bc7 33. h4 Ke6 34. h5 f5 35. gxf5+ Nxf5 36. Bxf5+ Kxf5 37. h6 Bd8 38. Bxb6 Bg5 39. h7 Bf6 40. Kd3 Kg6 41. Ke4 Kxh7 42. Bc7 Kg6 43. Bxe5 Bh4 44. b4 Kf7 45. Kd5 1-0

[Event "LTU-chT 0910"]
[Site "Lithuania"]
[Date "2010.02.21"]
[Round "7.41"]
[White "Zilinskas, Vaidotas"]
[Black "Bucinskas, Valdas"]
[Result "0-1"]
[WhiteElo "2145"]
[BlackElo "2360"]
[PlyCount "94"]
[EventDate "2009.11.07"]
[EventType "team-tourn"]
[EventRounds "9"]
[EventCountry "LTU"]
[SourceTitle "EXT 2022"]
[Source "ChessBase"]
[SourceDate "2021.10.06"]
[SourceVersion "1"]
[SourceVersionDate "2021.10.06"]
[SourceQuality "1"]
[WhiteTeam "Siauliai Drakonas"]
[BlackTeam "Vilnius Chess United"]
[WhiteTeamCountry "LTU"]
[BlackTeamCountry "LTU"]

1. e4 c5 2. Nc3 Nc6 3. Bb5 Nd4 4. Bc4 g6 5. Nf3 Bg7 6. d3 e6 7. Bf4 Qb6 8. 0-0 Ne7 9. Nxd4 cxd4 10. Nb5 e5 11. Bc1 a6 12. Na3 0-0 13. Bg5 Nc6 14. Bd5 Qxb2 15. Nc4 Qb4 16. Rb1 Qc5 17. Nb6 Rb8 18. Qd2 a5 19. Bb3 Kh8 20. Nd5 f6 21. Bh4 b5 22. a4 b4 23. Bg3 Ne7 24. f4 Nxd5 25. Bxd5 d6 26. Bb3 Bd7 27. Qe2 Bh6 28. Kh1 Qc8 29. h3 Qe8 30. Ra1 Rc8 31. Bh2 Rc3 32. g4 Be6 33. g5 Bxb3 34. cxb3 fxg5 35. fxe5 dxe5 36. Qg4 Qe7 37. Rxf8+ Bxf8 38. Rf1 Bg7 39. Qd1 Qe6 40. Rf3 Rxb3 41. Qc1 Rc3 42. Qxg5 Rc8 43. Qg1 Bh6 44. Qf1 Rc1 45. Rf8+ Kg7 46. Bxe5+ Qxe5 47. Rf7+ Kg8 0-1

[Event "LTU-chT 4th 0809"]
[Site "Lithuania"]
[Date "2009.03.15"]
[Round "9.11"]
[White "Kveinys, Aloyzas"]
[Black "Bucinskas, Valdas"]
[Result "1/2-1/2"]
[WhiteElo "2533"]
[BlackElo "2325"]
[PlyCount "87"]
[EventDate "2008.11.08"]
[EventType "team"]
[EventRounds "9"]
[EventCountry "LTU"]
[SourceTitle "EXT 2024"]
[Source "ChessBase"]
[SourceDate "2023.10.10"]
[SourceVersion "1"]
[SourceVersionDate "2023.10.10"]
[SourceQuality "1"]

1. d4 d5 2. Nf3 Nf6 3. c4 dxc4 4. e3 e6 5. Bxc4 a6 6. 0-0 b5 7. Bd3 Bb7 8. Qe2 Nbd7 9. a4 b4 10. Nbd2 c5 11. Nc4 a5 12. Nce5 Bd6 13. Bb5 cxd4 14. Rd1 Qc7 15. Nxd7 Nxd7 16. Rxd4 Rd8 17. e4 0-0 18. Bg5 f6 19. Rc1 Qb8 20. Be3 Ne5 21. Nd2 Rc8 22. Nb3 Rxc1+ 23. Bxc1 Rc8 24. Qd1 Bc7 25. Be3 Bb6 26. Bd7 Nxd7 27. Rxd7 Bxe3 28. fxe3 Bc6 29. Re7 Kf8 30. Rxe6 Bxa4 31. e5 Bxb3 32. Qxb3 fxe5 33. Qd5 Re8 34. Qc5+ Kg8 35. Rxe8+ Qxe8 36. Qxa5 Qe7 37. Qd5+ Kf8 38. h3 h6 39. Kh2 Qc7 40. Qe4 Qd6 41. Kg3 Ke7 42. h4 g6 43. Qb7+ Kf6 44. Qe4 1/2-1/2

[Event "LTU-chT 4th 0809"]
[Site "Lithuania"]
[Date "2008.12.14"]
[Round "4.31"]
[White "Bucinskas, Valdas"]
[Black "Zilinskas, Vaidotas"]
[Result "1-0"]
[WhiteElo "2325"]
[BlackElo "2131"]
[PlyCount "67"]
[EventDate "2008.11.08"]
[EventType "team"]
[EventRounds "9"]
[EventCountry "LTU"]
[SourceTitle "EXT 2024"]
[Source "ChessBase"]
[SourceDate "2023.10.10"]
[SourceVersion "1"]
[SourceVersionDate "2023.10.10"]
[SourceQuality "1"]

1. e4 c6 2. d4 d5 3. Nc3 dxe4 4. Nxe4 Nf6 5. Nxf6+ gxf6 6. c3 Bf5 7. Ne2 e5 8. Be3 Be7 9. Ng3 Be6 10. Qh5 Qb6 11. b4 Qc7 12. Bd3 Nd7 13. Nf5 Bf8 14. 0-0 0-0-0 15. Qh4 Kb8 16. Rfd1 Rg8 17. Be4 h5 18. f3 Bxf5 19. Bxf5 Bd6 20. Kh1 Nb6 21. Be4 Nc4 22. Bg1 Rg5 23. Qf2 Nb6 24. d5 f5 25. h4 Rg7 26. Bxf5 cxd5 27. Rxd5 Rdg8 28. Bh3 f5 29. Rad1 Nxd5 30. Qxa7+ Kc8 31. Rxd5 Rf8 32. Bc5 Rf6 33. Bxf5+ Kd8 34. Bb6 1-0